| 000 | 00668nas a2200205 4500 | ||
|---|---|---|---|
| 001 | BR9212305 | ||
| 003 | BR-BrBNA | ||
| 005 | 20231205095224.0 | ||
| 007 | ta | ||
| 008 | 230509b bl.|||p| |||| 00| 00por d | ||
| 040 |
_aBR-BrBNA _bpor _cBiblioteca Nacional de Agricultura |
||
| 041 | _a(Pt) | ||
| 072 | _aE10 | ||
| 100 | 1 | _aMarcantonio, R. | |
| 245 | 1 | _aRenegociacao da divida externa: necessidade e possibilidades | |
| 650 | _aPolitica Economica | ||
| 773 | 0 |
_tIndicadores Economicos - Fundacao de Economia e Estatistica (Brazil) _xISSN 0102-020X _g(Oct-Dec 1990), v. 18(3) p. 73-82 _wBR9212305 |
|
| 909 |
_a202311 _bLúcia _c55 _dLúcia Elande |
||
| 942 |
_2AGRIS _n0 _cANA |
||
| 999 |
_c149408 _d149408 |
||